Mechanika v železničnej doprave /
Na minha lista:
| Main Authors: | , , , , |
|---|---|
| Outros Autores: | |
| Formato: | Livro |
| Idioma: | eslovaco |
| Publicado em: |
Žilina :
EDIS - vydavateľské centrum ŽU,
2016
|
| Edição: | 1. vyd. |
| Colecção: | Vysokoškolské učebnice
|
| Assuntos: | |
| Tags: |
Sem tags, seja o primeiro a adicionar uma tag!
|
MARC
| LEADER | 00000nam a22000003a 4500 | ||
|---|---|---|---|
| 001 | 0098459 | ||
| 003 | SK-STU | ||
| 005 | 20221123123026.9 | ||
| 007 | ta | ||
| 008 | 221122s ----xo-----e------000-0-----d | ||
| 020 | |a 978-80-554-1274-0 | ||
| 040 | |a STU |b slo | ||
| 041 | 0 | |a slo | |
| 044 | |a xo | ||
| 100 | 1 | |a Gašparík, Jozef, |d 1978- |4 aut | |
| 245 | 1 | 0 | |a Mechanika v železničnej doprave / |c aut. Jozef Gašparík, Juraj Grenčík, Pavol Meško, Vladimír Zitrický, Vladimír Ľupták ; rec. Jaromír Široký |
| 250 | |a 1. vyd. | ||
| 260 | |a Žilina : |b EDIS - vydavateľské centrum ŽU, |c 2016 | ||
| 300 | |a 278 s. | ||
| 490 | 0 | |a Vysokoškolské učebnice | |
| 650 | 0 | 7 | |a železničná doprava |
| 650 | 0 | 7 | |a mechanika |
| 650 | 0 | 7 | |a jazdné odpory |
| 700 | 1 | |a Grenčík, Juraj |4 aut | |
| 700 | 1 | |a Meško, Pavol |4 aut | |
| 700 | 1 | |a Zitrický, Vladimír |4 aut | |
| 700 | 1 | |a Ľupták, Vladimír, |d 1989 |4 aut | |
| 700 | 1 | |a Široký, Jaromír |4 rev | |
| 996 | |b 284V037921 |c V* 53459/O-24619 |l VVT |s A |a 24 |w 0098459_0001 | ||
| 996 | |b 284V037924 |c V* 53460/O-24620 |l VVS |s A |a 24 |w 0098459_0002 | ||